| 000 | 00512 a2200193 4500 | ||
|---|---|---|---|
| 003 | OSt | ||
| 005 | 20180116182905.0 | ||
| 008 | 160526b xxu||||| |||| 00| 0 eng d | ||
| 020 | _a0 | ||
| 040 | _c0 | ||
| 082 | _a650.072 SEK 2007 | ||
| 100 | _aSekaran,Uma | ||
| 245 |
_aResearch Methods for Business _bA skill-building Approach _cUma Sekaran |
||
| 250 | _a4th | ||
| 260 |
_aIslamabad _bNational Book Foundation _c2007 |
||
| 300 |
_a450 p. _bHB |
||
| 500 | _aHard cover | ||
| 942 |
_aNBS _cBK _k650.072 SEK _2ddc |
||
| 999 |
_c347914 _d347914 |
||